000
00231nam a22000857a 4500
008
170606b xxu||||| |||| 00| 0 eng d
100
_9
3278
_a
Ikeda. D
245
_a
The prince and the corel
260
_a
New Delhi
_b
National Book Trust
_c
2005
999
_c
6595
_d
6595